| 000 -LEADER |
| fixed length control field |
00348nam a22001217a 4500 |
| 008 - FIXED-LENGTH DATA ELEMENTS--GENERAL INFORMATION |
| fixed length control field |
250428b ||||| |||| 00| 0 eng d |
| 020 ## - INTERNATIONAL STANDARD BOOK NUMBER |
| International Standard Book Number |
9780063207950 |
| 082 ## - DEWEY DECIMAL CLASSIFICATION NUMBER |
| Classification number |
823.92 ALK |
| 100 ## - MAIN ENTRY--PERSONAL NAME |
| Personal name |
ALKAF,HANNA |
| Relator term |
AUTHOR |
| 245 ## - TITLE STATEMENT |
| Title |
HAMRA AND THE JUNGLE OF MEMORIES |
| 260 ## - PUBLICATION, DISTRIBUTION, ETC. |
| Place of publication, distribution, etc. |
195 BROADYWAY,NEW YORK,NY 10007 |
| Name of publisher, distributor, etc. |
HARPERCOLLINS CHILDREN'S BOOKS |
| 942 ## - ADDED ENTRY ELEMENTS (KOHA) |
| Source of classification or shelving scheme |
|